Rudolph Behrens, Andreas Gipper, Viviane Mellinghoff-Bourgerie (dir.), Croisements d’anthropologie. Pascals Pensées im Geflecht der Anthropologien, Heidelberg, Universitätsverlag Winter, 2005, coll. « Neues Forum für Allgemeine und Vergleichende Literaturwissenschaft », vol. 26, XIII-407 p. (notice n° 1657548)

détails MARC
000 -LEADER
fixed length control field 01787cam a2200169 4500500
005 - DATE AND TIME OF LATEST TRANSACTION
control field 20260208010639.0
041 ## - LANGUAGE CODE
Language code of text/sound track or separate title fre
042 ## - AUTHENTICATION CODE
Authentication code dc
100 10 - MAIN ENTRY--PERSONAL NAME
Personal name More Harrington, Thomas
Relator term author
245 00 - TITLE STATEMENT
Title Rudolph Behrens, Andreas Gipper, Viviane Mellinghoff-Bourgerie (dir.), Croisements d’anthropologie. Pascals Pensées im Geflecht der Anthropologien, Heidelberg, Universitätsverlag Winter, 2005, coll. « Neues Forum für Allgemeine und Vergleichende Literaturwissenschaft », vol. 26, XIII-407 p.
260 ## - PUBLICATION, DISTRIBUTION, ETC.
Date of publication, distribution, etc. 2008.<br/>
500 ## - GENERAL NOTE
General note 100
520 ## - SUMMARY, ETC.
Summary, etc. Le cerveau, simulateur dans tous ses étatsChez les animaux, le système nerveux permet de simuler les actions et les contraintes de l’environnement. Le cerveau humain dépasse cette simulation du monde physique. « Humien par construction », puisqu’il sépare ses activités dans deux hémisphères cérébraux, il peut aussi simuler « à vide » des langages complexes, des êtres mathématiques, des images et des « mondes » imaginaires, des artifices et des tricheries.
520 ## - SUMMARY, ETC.
Summary, etc. Le cerveau, simulateur dans tous ses étatsThe central nervous system in animals can simulate actions and obey environmental constraints, but in humans the brain goes beyond basic simulation of the physical world. It is « Humean » by its very construct, with activities divided and allocated to one of the two halves of the brain. And it can simulate operations, doing a « dry run » to simulate complex languages, mathematical entities, images or imaginary realms, to simulate artifice or deception.
786 0# - DATA SOURCE ENTRY
Note Revue philosophique de la France et de l'étranger | 133 | 3 | 2008-09-11 | p. 355zb-384zb | 0035-3833
856 41 - ELECTRONIC LOCATION AND ACCESS
Uniform Resource Identifier <a href="https://shs.cairn.info/revue-philosophique-2008-3-page-355zb?lang=fr&redirect-ssocas=7080">https://shs.cairn.info/revue-philosophique-2008-3-page-355zb?lang=fr&redirect-ssocas=7080</a>

Pas d'exemplaire disponible.

PLUDOC

PLUDOC est la plateforme unique et centralisée de gestion des bibliothèques physiques et numériques de Guinée administré par le CEDUST. Elle est la plus grande base de données de ressources documentaires pour les Étudiants, Enseignants chercheurs et Chercheurs de Guinée.

Adresse

627 919 101/664 919 101

25 boulevard du commerce
Kaloum, Conakry, Guinée

Réseaux sociaux

Powered by Netsen Group @ 2025